| 000 | 00395nam a22001697a 4500 | ||
|---|---|---|---|
| 005 | 20160627101853.0 | ||
| 008 | 160627b xxu||||| |||| 00| 0 eng d | ||
| 020 | _a81-8307-107-4 | ||
| 041 | _aeng | ||
| 082 | _b10384 | ||
| 100 |
_aWeiss, Donald H _92859 |
||
| 245 | _aHow to Bea Successful Inter Viewer | ||
| 260 |
_bamacom _c2007 |
||
| 300 | _a55 | ||
| 650 |
_aManagement _9241 |
||
| 942 | _cBK | ||
| 999 |
_c4137 _d4136 |
||